| 000 | 02278nam a2200373 a 4500 | ||
|---|---|---|---|
| 003 | DO-SdBNP | ||
| 005 | 20230306100918.0 | ||
| 007 | ta | ||
| 008 | 221103e2004 dr ab||gr|||| 001 e spa d | ||
| 040 |
_aDO-SdBNP _bspa _cBPMSU |
||
| 082 | 4 |
_a337.1 _bG562i 2004 _222 |
|
| 245 | 1 | 0 |
_aGlobalización e intermediación urbana en América latina / _cConcepción Álvarez...[et. al.]; compilador y coordinador, Haroldo Dilla Alfonso; editor, Enrique Soldevilla |
| 260 |
_aSanto Domingo : _bFLACSO, _c2004, |
||
| 300 |
_a274 p. : _bil., mapas ; _c21 cm. |
||
| 500 | _aIncluye biografía de los autores p. 271 - 274 | ||
| 500 | _aIncluye referencias bibliográficas y notas al pie de las páginas. | ||
| 505 |
_aPresentación. _tCiudades intermedias: ¿Una nueva oportunidad para un desarrollo regional coherente en América Latina? _tL territorialidad de la acción pública: Nuevas cuestiones urbanas frente a los cambios globales.-- _tActores sociales de fin de siglo en la sociedad urbana contemporánea: Las prácticas sociales de transformación de los espacios urbanos.-- _tHabana 2050.-- _tLogros, desafíos y perspectivas delas ciudades intermedias cubanas.-- _tSanta Clara y sus retos hacia un desarrollo sostenible.-- _tBayamo, una ciudad en desarrollo.-- _tDentro ofuera: Bordeando los límites de Santo Domingo.-- _tRetos y desafíos de la ciudad de Santiago de los Caballeros en los procesos de intermediación urbana.-- _tIntermediación urbana fronteriza en República Dominicana. _tAutores. |
||
| 590 | _aInventariado 2023/VM | ||
| 650 | 4 |
_aGlobalización _z América Latina _vCongresos, conferencias, etc |
|
| 650 | 4 |
_aRehabilitación urbana _xCongresos, conferencias, etc _z |
|
| 651 | 4 |
_aAmérica Latina _xCondiciones económicas |
|
| 651 | 4 |
_a América Latina _xIntegración económica |
|
| 700 | 1 | _aÁlvarez, Concepción | |
| 700 | 1 | _aBenavides González, Aleida | |
| 700 | 1 | _aBolay, Jean-Claude | |
| 700 | 1 | _aCatenazzi, Andrea Claudia | |
| 700 | 1 | _a Corral, Julio César | |
| 700 | 1 | _aCotto-Morales, Liliana | |
| 700 | 1 |
_aDilla Alfonso, Haroldo _ecomp. |
|
| 700 | 1 |
_aSoldevilla, Enrique _eed. |
|
| 710 | 2 | _aFacultad Latinoamericana de Ciencias Sociales (República Dominicana) | |
| 910 | _aVMateo V. Control de calidad (BPMSU) | ||
| 942 |
_2ddc _cBK |
||
| 999 |
_c14367 _d14367 |
||